000 00308 a2200145 4500
001 168903
020 _a
040 _cMagnum
100 _aCabral, Antonio
240 1 0 _aJogos populares infantis
_lpor
245 1 0 _aJogos populares infantis
362 0 _a1899
697 _aEDUCACAO FISICA
942 _cBK
999 _c168903
_d168903